00000000nam##2200000za#4500
0019.640187
003CaOODSP
00520220107134005
007cr |||||||||||
008150407|1998||||xxc|||||o    f|0| 0 fre|d
040 |aCaOODSP|bfre
043 |an-cn---
0861 |aH72-21/166-1998F-PDF
1102 |aCentre national d'information sur la violence dans la famille (Canada)
24510|aDémocratisation de l'excellence : |h[ressource électronique]|bl'expérience des centres de recherche sur la violence familiale et la violence envers les femmes
260 |aOttawa - Ontario : |bSanté Canada. |cc1999.
300 |a41p.
500 |aLe n° de catalogue (H72-21/166-1998F) et l'ISBN (0-662-83270-1) de l'édition imprimée ont été incorrectement copiés dans l'édition électronique.
590 |a12-14-Supp|b2012-04-10
77508|tDemocratizing excellence : |w(CaOODSP)9.695720
7760#|tDemocratizing excellence : |w(CaOODSP)9.660531
7760#|tDémocratisation de l'excellence : |w(CaOODSP)9.660532
85640|ahttp://publications.gc.ca|qPDF|s142 Ko|uhttps://publications.gc.ca/collections/Collection/H72-21-166-1998F.pdf